| 000 | 00645nas a22002171i#4500 | ||
|---|---|---|---|
| 001 | 2505 | ||
| 003 | ES-MaACL | ||
| 005 | 20250217134641.0 | ||
| 008 | 950801c1927 ag | | 1 ||pa d | ||
| 080 | _a82 | ||
| 245 | 0 | 0 |
_aAnuario bibliográfico _b: letras, historia, educación y filosofía / _cUniversidad de la Plata, Instituto Bibliográfico. |
| 260 |
_aBuenos Aires : _bConi, _c1927- |
||
| 300 |
_a5 v- ; _c24 cm. |
||
| 310 | _aAnual | ||
| 362 | 0 | _a1 (1926)- | |
| 650 | 4 |
_aBibliografía. _910516 |
|
| 710 | 2 |
_aUniversidad Nacional de La Plata. _97422 |
|
| 852 |
_aES-MaACL _jB-11827-31 |
||
| 866 | 0 | _o1927-29. | |
| 999 |
_c2505 _d2505 |
||